| Tag |
First Indicator |
Second Indicator |
Subfields |
| LEADER |
00000cam a2200000ua 4500 |
| 001 |
in00001331221 |
| 005 |
20151005082454.0 |
| 007 |
hd af||||b|c| |
| 008 |
860708s1982 vau a 000 0 eng d |
| 035 |
|
|
|a (OCoLC)27442989
|
| 035 |
|
|
|9 AHD5453AM
|
| 040 |
|
|
|a NYP
|c NYP
|d TXA
|d UtOrBLW
|
| 049 |
|
|
|a TXAI
|
| 090 |
|
|
|a DS63.1
|b .M522 1986
|
| 099 |
|
|
|a film B
|a 3398.1
|a reel 4
|a frame 416-667
|
| 100 |
1 |
|
|a Vermeulen, Bruce.
|
| 245 |
1 |
0 |
|a Labor markets and industry in Egypt :
|b analysis and recommendations for employment oriented growth /
|c Bruce Vermeulen, Gustav F. Papanek.
|
| 264 |
|
1 |
|a Boston :
|b National Technical Information Service, U.S. Dept. of Commerce,
|c 1982.
|
| 300 |
|
|
|a 1 volume (various pagings) ;
|c 28 cm.
|
| 336 |
|
|
|a text
|b txt
|2 rdacontent
|
| 337 |
|
|
|a microform
|b h
|2 rdamedia
|
| 338 |
|
|
|a microfilm reel
|b hd
|2 rdacarrier
|
| 500 |
|
|
|a "A report of the Industrial Strategy Assessment Project for the U.S. Agency for International Development."
|
| 533 |
|
|
|a Microfilm.
|b Frederick, MD :
|c University Publications of America,
|d 1986.
|e On reel 4 of 8 ; 35 mm.
|f (Middle East Special Studies. 1982-1985. Supp.)
|
| 500 |
|
|
|a Microform.
|
| 650 |
|
0 |
|a Labor market
|z Egypt.
|
| 650 |
|
0 |
|a Labor supply
|z Egypt
|x Statistics.
|
| 650 |
|
0 |
|a Manpower policy
|z Egypt.
|
| 651 |
|
0 |
|a Egypt
|x Economic conditions
|y 1952-
|
| 710 |
2 |
|
|a Industrial Strategy Assessment Project.
|
| 710 |
1 |
|
|a United States.
|b Agency for International Development.
|
| 830 |
|
0 |
|a Middle East special studies, 1982-1985 supplement.
|
| 999 |
|
|
|a MARS
|
| 999 |
f |
f |
|s 0e031100-33e1-3855-a44f-099e03404a7e
|i 05cd10c1-4bc7-3533-94e2-2df074baa625
|t 0
|
| 952 |
f |
f |
|a Texas A&M University
|b College Station
|c Sterling C. Evans Library
|d Evans: Microforms Film (3rd floor)
|t 0
|e DS63.1 .M522 1986 reel 4 frame 416-667
|h Library of Congress classification
|
| 998 |
f |
f |
|a DS63.1 .M522 1986 reel 4 frame 416-667
|t 0
|l Evans: Microforms Film (3rd floor)
|